Focusing on Nursing Pharmacology / (Record no. 11709)

MARC details
000 -LEADER
fixed length control field 00752nam a22002292 4500
001 - CONTROL NUMBER
control field 0000025443
005 - DATE AND TIME OF LATEST TRANSACTION
control field 20151217154543.0
008 - FIXED-LENGTH DATA ELEMENTS--GENERAL INFORMATION
fixed length control field 150922s xx 000 0 eng d
020 ## - INTERNATIONAL STANDARD BOOK NUMBER
International Standard Book Number 1451128345 :
040 ## - CATALOGING SOURCE
Original cataloging agency KABU
Transcribing agency KABU
100 1# - MAIN ENTRY--PERSONAL NAME
Personal name Karch, Amy M.
-- 0000186082
245 10 - TITLE STATEMENT
Title Focusing on Nursing Pharmacology /
Statement of responsibility, etc. by Amy m. Karch.
250 ## - EDITION STATEMENT
Edition statement 6th ed.
260 ## - PUBLICATION, DISTRIBUTION, ETC. (IMPRINT)
Place of publication, distribution, etc. New York :
Name of publisher, distributor, etc. wolters Kluwer,
Date of publication, distribution, etc. 2013.
300 ## - PHYSICAL DESCRIPTION
Extent xi, 1056p.
650 #0 - SUBJECT ADDED ENTRY--TOPICAL TERM
Topical term or geographic name as entry element Pharmaceutical preparations
General subdivision Nurses' instruction.
-- 0000186083
650 #0 - SUBJECT ADDED ENTRY--TOPICAL TERM
Topical term or geographic name as entry element Drug therapy.
Form subdivision Nurses' instruction.
-- 0000185634
852 1# - LOCATION
-- P8596KES
852 1# - LOCATION
-- P8596KES
908 ## - PUT COMMAND PARAMETER (RLIN)
Put command parameter 150922
950 ## - LOCAL HOLDINGS (RLIN)
-- 1
Holdings
Withdrawn status Lost status Source of classification or shelving scheme Not for loan Home library Current library Date acquired Total Checkouts Total Renewals Full call number Barcode Date last seen Date last checked out Price effective from Koha item type
    Library of Congress Classification   Kabarak, Main Campus Kabarak, Main Campus 17/12/2015 26 3 RM300 .K37 2013 C.1 016702 23/02/2024 22/01/2024 17/12/2015 General Collection
    Library of Congress Classification   Kabarak, Main Campus Kabarak, Main Campus 17/12/2015 37 6 RM300 .K37 2013 C.2 016705 19/02/2024 03/02/2024 17/12/2015 General Collection
Designed with assistance from East African Informatics Ltd